Profile: Homer Simpson Quiz Stats

 Plays Quiz Updated Aug 6, 2017

Support Sporcle.
Go Orange.
Score 0/40 Timer 07:00
1 Play Today
Question/Clue Answer % Correct
Spouse's nameMarge
93.1%
Three-Letter Catchphrase 'D'oh!'
90.1%
Preferred beer brandDuff
88.4%
Annoying neighborNed Flanders
87.6%
Homer's billionaire bossC. Montgomery Burns
87.1%
Son's nameBart
86.2%
Youngest daughter's nameMaggie
85.1%
Eldest daughter's nameLisa
84.3%
Lifelong friend and fellow barflyBarney Gumble
80.4%
Favorite watering holeMoe's Tavern
80.2%
Father's nameAbraham 'Abe' Jedediah Simpson II
78.5%
Color of Homer's carPink
76.2%
Middle name Jay
74.3%
Place of employmentThe Springfield Nuclear Power Plant
74.1%
Favorite pastryDonut
72.7%
Friend/coworker pairLenny and Carl
68.4%
Snowplowing personaMr. Plow
67.6%
Once changed his name to...Max Power
61.2%
Short-lived 'Itchy & Scratchy' character he voicedPoochie
58.9%
'Flaming Moe' cocktail secret ingredientKrusty Brand non-narcotic cough syrup
56%
Question/Clue Answer % Correct
Mother's nameMona 'Muddy Mae Suggins' Simpson
54%
Organization for whom Homer is the Chosen One, according to a particular birthmarkThe Stonecutters
51.2%
Job titleSafety Inspector - Sector 7G
50.7%
Homer's Grammy-winning barbershop quartetThe Be Sharps
48.5%
'No TV and no beer make Homer something something...'Go crazy?
48.2%
Half-brother's nameHerbert 'Herb' Powell
47.6%
US President with whom Homer enjoys nachos, beer, and footballGerald Ford
46.9%
NFL team Homer dreamed of one day owningDallas Cowboys
45.7%
Homer's enemyFrank Grimes
45.2%
Homer's bowling teamThe Pin Pals
44.4%
Coworker with whom Homer almost had an affairMindy Simmons
40.7%
Homer's boss at Globex Corp.Hank Scorpio
40.2%
Object that saved Homer's life when he was in spaceInanimate carbon rod
38%
Japanese dish detergent mascot lookalikeMISTER SPARKLE!
32.1%
Softball team replacementDaryl Strawberry
31.5%
Voice actor behind HomerDan Castellaneta
26.5%
Number of slices of American cheese Homer consumed in one sitting64
25.8%
Music festival where Homer worked as a carnival freakHullabalooza
25%
Adversary when Homer was the 'Beer Baron'Rex Banner
20.6%
Homer's Las Vegas wifeAmber Pai Gow Simpson
13.9%

You're not logged in!

Compare scores with friends on all Sporcle quizzes.
OR
Log In
Forgot?

From the Vault

Rivers on a Map (A-Z)

by william2

We find it's best to just go with the flow, but do your best to avoid the rapids.
Remove Ads.
Support Sporcle.
Get the best of Sporcle when you Go Orange. This ad-free experience offers more features, more stats, and more fun while also helping to support Sporcle. Thank you for becoming a member.

Show Comments

Extras

Top Quizzes Today


Score Distribution

Your Account Isn't Verified!

In order to create a playlist on Sporcle, you need to verify the email address you used during registration. Go to your Sporcle Settings to finish the process.

Report this User

Report this user for behavior that violates our Community Guidelines.

Details: